Southville International School and Colleges
Your cart is empty.
  • Cart
  • Lists
    Public lists Eva Luna New books Lux_list list_1
    Your lists Log in to create your own lists
  • Log in to your account
  • Your cookies
  • Search history
Southville International School and Colleges
  • Advanced search
  • Recent comments
  • Most popular
  • Libraries

Log in to your account

Log in with GOOGLE


If you do not have an external account, but do have a local account, you can still log in:

  1. Home
  2. MARC view: Stolen moments /
Normal view MARC view ISBD view

Stolen moments / (Record no. 284713)

[ view plain ]
MARC details
000 -LEADER
fixed length control field 00998cam a2200313 a 4500
001 - CONTROL NUMBER
control field 14455968
003 - CONTROL NUMBER IDENTIFIER
control field PILC
005 - DATE AND TIME OF LATEST TRANSACTION
control field 20150905092830.0
008 - FIXED-LENGTH DATA ELEMENTS--GENERAL INFORMATION
fixed length control field 060717s2005 pau 000 1 eng
010 ## - LIBRARY OF CONGRESS CONTROL NUMBER
LC control number 2006278102
040 ## - CATALOGING SOURCE
Original cataloging agency DLC
Transcribing agency DLC
Modifying agency DLC
050 00 - LIBRARY OF CONGRESS CALL NUMBER
Classification number PS 648.E7
Item number .K18 1988
100 ## - MAIN ENTRY--PERSONAL NAME
Personal name Karageorge, Penelope.
245 00 - TITLE STATEMENT
Title Stolen moments /
Statement of responsibility, etc Penelope Karageorge.
260 ## - PUBLICATION, DISTRIBUTION, ETC. (IMPRINT)
Place of publication, distribution, etc NY :
Name of publisher, distributor, etc Pinnacle Books,
Date of publication, distribution, etc 1988.
300 ## - PHYSICAL DESCRIPTION
Extent 511 pages ;
Dimensions 22 cm.
490 0# - SERIES STATEMENT
Series statement Erotic interludes ;
Volume number/sequential designation 2
500 ## - GENERAL NOTE
General note Mostly American authors, some English, Canadian, Australian authors.
650 #0 - SUBJECT ADDED ENTRY--TOPICAL TERM
Topical term or geographic name as entry element Erotic stories, American.
650 #0 - SUBJECT ADDED ENTRY--TOPICAL TERM
Topical term or geographic name as entry element Lesbians' writings, American.
650 #0 - SUBJECT ADDED ENTRY--TOPICAL TERM
Topical term or geographic name as entry element Erotic stories.
650 #0 - SUBJECT ADDED ENTRY--TOPICAL TERM
Topical term or geographic name as entry element Lesbians
Form subdivision Fiction.
650 #0 - SUBJECT ADDED ENTRY--TOPICAL TERM
Topical term or geographic name as entry element Lesbian erotica.
700 1# - ADDED ENTRY--PERSONAL NAME
Personal name Seaman, Stacia.
700 0# - ADDED ENTRY--PERSONAL NAME
Personal name Radclyffe,
Dates associated with a name 1950-
906 ## - LOCAL DATA ELEMENT F, LDF (RLIN)
a 7
b cbc
c orignew
d 2
e ncip
f 20
g y-gencatlg
942 ## - ADDED ENTRY ELEMENTS (KOHA)
Source of classification or shelving scheme Library of Congress Classification
Koha item type Books
Call number prefix Foreign
Holdings
Withdrawn status Lost status Source of classification or shelving scheme Damaged status Home library Current library Shelving location Date acquired Source of acquisition Sub Shelving location Total Checkouts Full call number Barcode Date last seen Date checked out Price effective from Koha item type
    Library of Congress Classification   College Library College Library Fiction Section 06/04/2015 Library Fund   1 PS 648.E7 .K18 1988 C19555 01/14/2019 01/11/2019 06/04/2015 Books

Stolen moments /

APA

Karageorge P., Seaman S. & Radclyffe. (1988). Stolen moments. NY: Pinnacle Books.

Chicago

Karageorge Penelope, Seaman Stacia and Radclyffe. 1988. Stolen moments. NY: Pinnacle Books.

Harvard

Karageorge P., Seaman S. and Radclyffe. (1988). Stolen moments. NY: Pinnacle Books.

MLA

Karageorge Penelope, Seaman Stacia and Radclyffe. Stolen moments. NY: Pinnacle Books. 1988.

  • Place hold
  • Print
  • Cite
  • Add to your cart (remove)
  • Save record
    BIBTEX Dublin Core MARCXML MARC (non-Unicode/MARC-8) MARC (Unicode/UTF-8) MARC (Unicode/UTF-8, Standard) MODS (XML) RIS
  • More searches
    Search for this title in:
    Other Libraries (WorldCat) Other Databases (Google Scholar) Online Stores (Bookfinder.com) Open Library (openlibrary.org)

Exporting to Dublin Core...

SOUTHVILLE LIBRARY

Southville International School and Colleges Library

1281 Tropical Ave. Cor. Luxembourg St., BF Homes International, Las Pinas City

Tel. No. 8256374 / 252358 Loc. 117/146

Powered by Koha